[Event "Titled Tuesday intern op 02nd Apr Early"]
[Site "Chess.com INT"]
[Date "2024.04.02"]
[Round "10"]
[White "Kahlert, Thomas"]
[Black "Bodnaruk, Anastasia"]
[Result "0-1"]
[WhiteElo "2122"]
[BlackElo "2359"]
[PlyCount "92"]
[EventDate "2024.04.02"]
[EventType "swiss (blitz)"]
[EventRounds "11"]
[EventCountry "USA"]
[SourceTitle "CB15_2024"]
[SourceDate "2024.04.10"]
[SourceVersion "1"]
[SourceVersionDate "2024.04.10"]
[SourceQuality "1"]

1. c4 e5 2. Nc3 d6 3. Nf3 f5 4. d4 e4 5. Ng5 Be7 6. Nh3 Be6 7. Nf4 Bf7 8. h4 Bxh4 9. g3 Be7 10. d5 Nd7 11. Bh3 g6 12. g4 Nh6 13. Ne6 Bxe6 14. dxe6 Ne5 15. Bxh6 Bg5 16. Bg7 Nxc4 17. Bxh8 c6 18. gxf5 Bd2+ 19. Kf1 e3 20. b3 Qh4 21. Rh2 Qf4 22. Rg2 Qh4 23. Rg3 exf2 24. Kxf2 Bf4 25. Ne4 Bxg3+ 26. Nxg3 Qf4+ 27. Kg2 Ne3+ 28. Kh2 Qf2+ 29. Kh1 Nxd1 30. Rxd1 Qxg3 31. Bg2 Ke7 32. Bd4 gxf5 33. Bg1 Rg8 34. Bf3 Qh3+ 35. Bh2 d5 36. Rg1 Rxg1+ 37. Kxg1 Kxe6 38. Bf4 c5 39. Kf2 c4 40. bxc4 dxc4 41. Bxb7 c3 42. Bf3 c2 43. Bd2 Qh4+ 44. Ke3 Qg5+ 45. Kd3 c1Q 46. Bxc1 Qxc1 0-1

[Event "Swiss Queens Wed #4"]
[Site "FIDE Online Arena INT"]
[Date "2024.02.21"]
[Round "10"]
[White "Vantika, Agrawal"]
[Black "Bodnaruk, Anastasia"]
[Result "0-1"]
[WhiteElo "2398"]
[BlackElo "2340"]
[PlyCount "70"]
[EventDate "2024.02.21"]
[EventType "swiss (blitz)"]
[EventRounds "11"]
[EventCountry "NET"]
[SourceTitle "CB09_2024"]
[SourceDate "2024.02.28"]
[SourceVersion "1"]
[SourceVersionDate "2024.02.28"]
[SourceQuality "1"]

1. d4 Nf6 2. c4 g6 3. Nc3 Bg7 4. e4 d6 5. Be2 0-0 6. Be3 c6 7. Nf3 Na6 8. 0-0 e5 9. d5 Qe7 10. Rb1 Ng4 11. Bg5 f6 12. Bd2 f5 13. h3 Nf6 14. exf5 gxf5 15. b4 Nc7 16. dxc6 bxc6 17. b5 c5 18. Bg5 Bb7 19. Re1 Ne6 20. Nd5 Bxd5 21. Bxf6 Qxf6 22. Qxd5 Kh8 23. Qxd6 e4 24. Nh2 Rad8 25. Qc6 Qg6 26. Bf1 Bd4 27. Nf3 Rc8 28. Qa6 exf3 29. Rxe6 Qg3 30. Rb2 Rg8 31. Rd2 Qg5 32. Rc2 fxg2 33. Bd3 Bxf2+ 34. Rxf2 Qc1+ 35. Bf1 gxf1Q+ 0-1

[Event "Swiss Queens Wed #2"]
[Site "FIDE Online Arena INT"]
[Date "2024.02.07"]
[Round "9"]
[White "Aliaga Fernandez, Ingrid Yadira"]
[Black "Bodnaruk, Anastasia"]
[Result "1-0"]
[WhiteElo "2147"]
[BlackElo "2340"]
[PlyCount "83"]
[EventDate "2024.02.07"]
[EventType "swiss (blitz)"]
[EventRounds "11"]
[EventCountry "NET"]
[SourceTitle "CB07_2024"]
[SourceDate "2024.02.14"]
[SourceVersion "1"]
[SourceVersionDate "2024.02.14"]
[SourceQuality "1"]

1. e3 Nf6 2. d4 g6 3. Nf3 Bg7 4. Be2 0-0 5. 0-0 d6 6. c4 Nbd7 7. Nc3 e5 8. b4 Re8 9. a4 e4 10. Nd2 Nf8 11. a5 a6 12. b5 h5 13. bxa6 bxa6 14. Ba3 N8h7 15. Rb1 h4 16. Nd5 Ng5 17. Nxf6+ Qxf6 18. Bg4 Bf5 19. Bxf5 Qxf5 20. c5 d5 21. h3 Nxh3+ 22. gxh3 Qxh3 23. Qe2 Bh6 24. Rb3 Rab8 25. Rxb8 Rxb8 26. f4 exf3 27. Rxf3 Qg4+ 28. Qg2 Qe6 29. Nf1 Rb1 30. Kh2 Kg7 31. Qh3 Qe4 32. Rf2 Rd1 33. c6 f5 34. Qg2 Qb1 35. Qxd5 Bg5 36. Qe5+ Kh7 37. Qxc7+ Kh6 38. Bf8+ Kh5 39. Rg2 Bh6 40. Qf7 Qb8+ 41. c7 Qc8 42. Qxg6# 1-0

[Event "Titled Tuesday intern op 16th Jan Early"]
[Site "Chess.com INT"]
[Date "2024.01.16"]
[Round "10"]
[White "Bodnaruk, Anastasia"]
[Black "Haug, Havard"]
[Result "0-1"]
[WhiteElo "2340"]
[BlackElo "2308"]
[PlyCount "66"]
[EventDate "2024.01.16"]
[EventType "swiss (blitz)"]
[EventRounds "11"]
[EventCountry "USA"]
[SourceTitle "CB04_2024"]
[SourceDate "2023.10.16"]
[SourceVersion "1"]
[SourceVersionDate "2023.10.16"]
[SourceQuality "1"]

1. e4 b6 2. d4 Bb7 3. Nc3 e6 4. a3 g6 5. f4 Bg7 6. Nf3 Ne7 7. Bd3 f5 8. 0-0 0-0 9. Qe2 c5 10. Be3 fxe4 11. Bxe4 d5 12. Ng5 Qd7 13. Bf3 cxd4 14. Bf2 dxc3 15. Nxe6 Re8 16. Nxg7 Kxg7 17. Bd4+ Kf8 18. Qe5 Ng8 19. Qh8 cxb2 20. Bxb2 Nc6 21. f5 gxf5 22. Bg4 Ke7 23. Bxf5 Qc7 24. Bxh7 Kd7 25. Bxg8 Rxg8 26. Qh7+ Ne7 27. Rf7 Qc5+ 28. Kh1 d4 29. Rg1 Raf8 30. Bxd4 Rxf7 31. Qxf7 Qxd4 32. c3 Bxg2+ 33. Rxg2 Qd1+ 0-1

[Event "Titled Tuesday intern op 16th Jan Early"]
[Site "Chess.com INT"]
[Date "2024.01.16"]
[Round "9"]
[White "Rohit, Krishna S"]
[Black "Bodnaruk, Anastasia"]
[Result "1-0"]
[WhiteElo "2410"]
[BlackElo "2340"]
[PlyCount "79"]
[EventDate "2024.01.16"]
[EventType "swiss (blitz)"]
[EventRounds "11"]
[EventCountry "USA"]
[SourceTitle "CB04_2024"]
[SourceDate "2023.10.16"]
[SourceVersion "1"]
[SourceVersionDate "2023.10.16"]
[SourceQuality "1"]

1. d4 Nf6 2. c4 g6 3. Nc3 Bg7 4. Nf3 0-0 5. g3 d6 6. Bg2 Nc6 7. d5 Na5 8. Nd2 c5 9. 0-0 a6 10. Qc2 Rb8 11. b3 b5 12. Rb1 Bd7 13. Bb2 Qc8 14. Rfe1 Bh3 15. Bh1 Ng4 16. Ba1 f5 17. Nd1 Bxa1 18. Rxa1 Ne5 19. f4 Ng4 20. e4 e5 21. dxe6 Qxe6 22. Nf2 Nxf2 23. Kxf2 Qf6 24. e5 dxe5 25. Rxe5 Nc6 26. Rae1 Nxe5 27. fxe5 Qe7 28. Bd5+ Kg7 29. Qc3 f4 30. e6+ Kh6 31. Qe5 fxg3+ 32. Kxg3 Bf5 33. Nf3 bxc4 34. bxc4 a5 35. h4 a4 36. Ng5 Rb4 37. Nf7+ Rxf7 38. exf7 Qxe5+ 39. Rxe5 Kg7 40. Re8 1-0